| 000 | 00583nam a22001937a 4500 | ||
|---|---|---|---|
| 005 | 20251108164951.0 | ||
| 008 | 250721s1982 xx 000 0 ara d | ||
| 082 | 1 | 4 | _a214/محم |
| 100 | 1 | _aأبو فارس، محمد عبد القادر | |
| 245 | 1 | 0 | _aأسس في التصور الإسلامي / |
| 264 | 1 |
_aعمان : _bدار الفرقان، _c1982. |
|
| 300 | _a144ص | ||
| 490 | 0 | _aمن مفاهيم إسلاميه ؛1 | |
| 650 | 1 | 7 | _aالإسلام |
| 650 | 1 | 7 | _aأصول الدين الإسلامي |
| 650 | 1 | 7 | _aالتوحيد |
| 942 |
_2ddc _cBK |
||
| 999 |
_c18648 _d18648 |
||